00483 2200193 4500001002100000005001500021035002000036008004100056245005800097100002100155250000600176260003600182300001100218084001400229082000800243650001400251990001200265990001200277INLIS00000000000048720240430112033 a0010-0424000463240430 0 ind 1 aMasyarakat Yang Kritis & Aspiratif /cYudi Suparyanto aSuparyanto, Yudi a1 aJakarta :bCempaka Putih,c2017 a60 hlm a100 YUD m a100 4aNon Fiksi a0728558 a0728559